| 000 | 10115ncm0a22005411 4500 | ||
|---|---|---|---|
| 001 | RU\NLR\ONIZ\196021 | ||
| 005 | 20250614044330.0 | ||
| 035 | _aRU\NLR\ONIZ\NATA\5000004240\20130531196021 | ||
| 035 | _a(NLR Aleph) 010403792 | ||
| 090 |
_a9720157 _c9720157 |
||
| 100 | _a20130531d2009 |||y0rusy50 ca | ||
| 101 | 0 | _arus | |
| 102 | _aRU | ||
| 125 | _aax | ||
| 128 | _asg | ||
| 145 | 0 | _ac | |
| 200 | 1 |
_aБольшое путешествие _bНоты _e12 песен для дет. хора (ансамбля), солистов и фп. _fВ. Соловьев |
|
| 210 |
_aСанкт-Петербург _cМФ Санкт-Петербурга _dcop. 2009 |
||
| 215 |
_a38, [2] с. _cил. _d29 см |
||
| 300 | _aНа с. [2]: ст. "О знакомствах, мимолетной молодости и о соавторстве" В. Г. Соловьева | ||
| 300 | _aНа тит. л.: автогр. композитора. | ||
| 313 | _aСистематизация документа проведена по изданию - Методика классифицирования музыкальных произведений (нотных изданий) по таблицам Библиотечно-библиографических классификаций : метод. рекомендации / Гос. б-ка СССР им. В.И. Ленина.- М., 1977. Индексу ББК методических рекомендаций присваивается код ББК для научных библиотек - LBC/SL | ||
| 327 | 1 |
_a1. Это, друзья, только начало : "Люди спорят с небосводом..." / сл. М. Ерёмина ; _a2. Школьная походная : "Мы в школьные каникулы не любим долго спать..." / сл. А. Мартынова ; _a3. Паук : "По дорожке мы бежали..." / сл. И. Резниковой ; _a4-5. Колыбельные куплеты : "На болоте спит лягушка..." ; _aКуплеты путешественника : "Был я в Африке недавно..." / сл. Г. Горбовского ; _a6. Вьюга : "Кто-то лапкой скребётся в окошко..." / сл. В. Шефнера ; _a7. Удод : "Девочка Аня, гуляя у дома..." / сл. Б. Ахмадулиной ; _a8-11. Большое путешествие : "В большое путешествие уходим мы впервые..." ; _aЯ - художник : "Я рисую солнышко..." ; _aНе Баба-Яга : шуточ. песенка Бабы-Яги : "С утра надеваю я модное платье..." ; _aНам без друзей нельзя : "Если что-то непонятно..." / сл. Г. Широкова ; _a12. Баллада о снах : "Сны имеют свою биографию..." / сл. В. Максимова |
|
| 464 | 0 |
_12001#$aБаллада о снах$e"Сны имеют свою биографию..."$fсл. В. Максимова _1215##$aС.32-38 _1700#1$9z01790$aСоловьев$bВ. Г.$gВладислав Георгиевич$f1937-$4230 _1701#1$9z02790$aМаксимов$bВ.Г.$gВиктор Григорьевич$f1942-2005$4520 _1790#1$9z01700$aSolov`yev$bV. G.$gVladislav Georgievich$f1937-$4230 _1790#1$9z02701$aMaksimov$bV.G.$gViktor Grigorievich$f1942-2005$4520 _tБаллада о снах _aСоловьев, Владислав Георгиевич (1937-) |
|
| 464 | 0 |
_12001#$aБольшое путешествие$e"В большое путешествие уходим мы впервые..."$fсл. Г. Широкова _1215##$aС.21-23 _1700#1$9z01790$aСоловьев$bВ. Г.$gВладислав Георгиевич$f1937-$4230 _1701#1$9z02790$aШироков$bГ.$gГеннадий$4520 _1790#1$9z01700$aSolov`yev$bV. G.$gVladislav Georgievich$f1937-$4230 _1790#1$9z02701$aShirokov$bG.$gGennadij$4520 _tБольшое путешествие _aСоловьев, Владислав Георгиевич (1937-) |
|
| 464 | 0 |
_12001#$aВьюга$e"Кто-то лапкой скребётся в окошко..."$fсл. В. Шефнера _1215##$aС.16-17 _1700#1$9z01790$aСоловьев$bВ. Г.$gВладислав Георгиевич$f1937-$4230 _1701#1$9z02790$aШефнер$bВ.С.$gВадим Сергеевич$f1915-2002$3RU\NLR\AUTH\77822$4520 _1790#1$9z01700$aSolov`yev$bV. G.$gVladislav Georgievich$f1937-$4230 _1790#1$9z02701$aShefner$bV.S.$gVadim Sergeevich$f1915-2002$3RU\NLR\AUTH\77822$4520 _tВьюга _aСоловьев, Владислав Георгиевич (1937-) |
|
| 464 | 0 |
_12001#$aКолыбельные куплеты$e"На болоте спит лягушка..."$fсл. Г. Горбовского _1215##$aС.12-13 _1700#1$9z01790$aСоловьев$bВ. Г.$gВладислав Георгиевич$f1937-$4230 _1701#1$9z02790$aГорбовский$bГ.Я.$gГлеб Яковлевич$f1931-$4520 _1790#1$9z01700$aSolov`yev$bV. G.$gVladislav Georgievich$f1937-$4230 _1790#1$9z02701$aGorbovskij$bG.Y.$gGleb Yakovlevich$f1931-$4520 _tКолыбельные куплеты _aСоловьев, Владислав Георгиевич (1937-) |
|
| 464 | 0 |
_12001#$aКуплеты путешественника$e"Был я в Африке недавно..."$fсл. Г. Горбовского _1215##$aС.14-15 _1700#1$9z01790$aСоловьев$bВ. Г.$gВладислав Георгиевич$f1937-$4230 _1701#1$9z02790$aГорбовский$bГ.Я.$gГлеб Яковлевич$f1931-$4520 _1790#1$9z01700$aSolov`yev$bV. G.$gVladislav Georgievich$f1937-$4230 _1790#1$9z02701$aGorbovskij$bG.Y.$gGleb Yakovlevich$f1931-$4520 _tКуплеты путешественника _aСоловьев, Владислав Георгиевич (1937-) |
|
| 464 | 0 |
_12001#$aНам без друзей нельзя$e"Если что-то непонятно..."$fсл. Г. Широкова _1215##$aС.29-31 _1700#1$9z01790$aСоловьев$bВ. Г.$gВладислав Георгиевич$f1937-$4230 _1701#1$9z02790$aШироков$bГ.$gГеннадий$4520 _1790#1$9z01700$aSolov`yev$bV. G.$gVladislav Georgievich$f1937-$4230 _1790#1$9z02701$aShirokov$bG.$gGennadij$4520 _tНам без друзей нельзя _aСоловьев, Владислав Георгиевич (1937-) |
|
| 464 | 0 |
_12001#$aНе Баба-Яга$eшуточ. песенка Бабы-Яги$e"С утра надеваю я модное платье..."$fсл. Г. Широкова _1215##$aС.27-28 _1700#1$9z01790$aСоловьев$bВ. Г.$gВладислав Георгиевич$f1937-$4230 _1701#1$9z02790$aШироков$bГ.$gГеннадий$4520 _1790#1$9z01700$aSolov`yev$bV. G.$gVladislav Georgievich$f1937-$4230 _1790#1$9z02701$aShirokov$bG.$gGennadij$4520 _tНе Баба-Яга _aСоловьев, Владислав Георгиевич (1937-) |
|
| 464 | 0 |
_12001#$aПаук$e"По дорожке мы бежали..."$fсл. И. Резниковой _1215##$aС.10-11 _1700#1$9z01790$aСоловьев$bВ. Г.$gВладислав Георгиевич$f1937-$4230 _1701#1$9z02790$aРезникова$bИ.$gИнна$4520 _1790#1$9z01700$aSolov`yev$bV. G.$gVladislav Georgievich$f1937-$4230 _1790#1$9z02701$aReznikova$bI.$gInna$4520 _tПаук _aСоловьев, Владислав Георгиевич (1937-) |
|
| 464 | 0 |
_12001#$aУдод$e"Девочка Аня, гуляя у дома..."$fсл. Б. Ахмадулиной _1215##$aС.18-20 _1700#1$9z01790$aСоловьев$bВ. Г.$gВладислав Георгиевич$f1937-$4230 _1701#1$9z02790$aАхмадулина$bБ. А.$gБелла Ахатовна$f1937-2010$4520 _1790#1$9z01700$aSolov`yev$bV. G.$gVladislav Georgievich$f1937-$4230 _1790#1$9z02701$aAhmadulina$bB. A.$gBella Ahatovna$f1937-2010$4520 _tУдод _aСоловьев, Владислав Георгиевич (1937-) |
|
| 464 | 0 |
_12001#$aШкольная походная$e"Мы в школьные каникулы не любим долго спать..."$fсл. А. Мартынова _1215##$aС.6-9 _1700#1$9z01790$aСоловьев$bВ. Г.$gВладислав Георгиевич$f1937-$4230 _1701#1$9z02790$aМартынов$bА. В.$gАнатолий Васильевич$f1937-$4520 _1790#1$9z01700$aSolov`yev$bV. G.$gVladislav Georgievich$f1937-$4230 _1790#1$9z02701$aMartynov$bA. V.$gAnatoliy Vasilyevich$f1937-$4520 _tШкольная походная _aСоловьев, Владислав Георгиевич (1937-) |
|
| 464 | 0 |
_12001#$aЭто, друзья, только начало$e"Люди спорят с небосводом..."$fсл. М. Ерёмина _1215##$aС.3-5 _1700#1$9z02790$aСоловьев$bВ. Г.$gВладислав Георгиевич$f1937-$4230 _1701#0$9z03790$aЕремин$bМ. Ф.$gМихаил Федорович$f1937-$4520 _1790#1$9z02700$aSolov`yev$bV. G.$gVladislav Georgievich$f1937-$4230 _1790#1$9z03701$aEremin$bM. F.$gMihail Fedorovich$f1937-$4520 _tЭто, друзья, только начало _aСоловьев, Владислав Георгиевич (1937-) |
|
| 464 | 0 |
_12001#$aЯ - художник$e"Я рисую солнышко..."$fсл. Г. Широкова _1215##$aС.24-26 _1700#1$9z01790$aСоловьев$bВ. Г.$gВладислав Георгиевич$f1937-$4230 _1701#1$9z02790$aШироков$bГ.$gГеннадий$4520 _1790#1$9z01700$aSolov`yev$bV. G.$gVladislav Georgievich$f1937-$4230 _1790#1$9z02701$aShirokov$bG.$gGennadij$4520 _tЯ - художник _aСоловьев, Владислав Георгиевич (1937-) |
|
| 686 |
_aЩ941.8я44(2Р=Р) _vLBC/SL _2rubbk |
||
| 686 |
_aЩ984.0я44(2Р=Р) _vLBC/SL _2rubbk |
||
| 700 | 1 |
_9z01790 _aСоловьев _bВ. Г. _f1937- _gВладислав Георгиевич _4230 _7ca |
|
| 790 | 1 |
_9z01700 _aSolov`yev _bV. G. _f1937- _gVladislav Georgievich _4230 |
|
| 801 | 0 |
_aRU _bNLR _c20130531 _gPSBO |
|
| 801 | 1 |
_aRU _bNLR _c20130531 _2rusmarc |
|
| 801 | 2 |
_aRU _bNLR _c20151109 |
|
| 852 |
_aNLR _bМ _j986/131 _p281579 _t2 |
||
| 852 |
_aNLR _bМ _j986/341 _p279825 _t1 |
||
| 942 | _cSCORE | ||
| 980 | _aNB | ||
| 980 | _aONIZ | ||